[Event "Det åpne NM 2011 Gruppe A"]
[Site "Quality Hotel & Resort Fagerne"]
[Date "2011.04.17"]
[Round "8"]
[White "Mikalsen, Odd Erling"]
[Black "Kjøita, Henning"]
[Result "0-1"]
[WhiteElo "1989"]
[BlackElo "1843"]
[PlyCount "54"]
[EventDate "2011.??.??"]

1. e4 c5 2. Nc3 d6 3. f4 g6 4. Nf3 Bg7 5. Bb5+ Bd7 6. Bxd7+ Qxd7 7. d3 Nc6 8.
O-O Nf6 9. Bd2 O-O 10. Qe1 b5 11. f5 b4 12. Ne2 a5 13. Qh4 a4 14. Ng3 Ne5 15.
Nxe5 dxe5 16. Be3 Qb5 17. fxg6 fxg6 18. Qg5 b3 19. axb3 axb3 20. Rxa8 Rxa8 21.
Qxe5 bxc2 22. Qxe7 Qxd3 23. Qxc5 Ng4 24. Re1 Nxe3 25. Rxe3 Ra1+ 26. Kf2 Qd2+
27. Ne2 c1=Q 0-1

[Event "Det åpne NM 2011 Gruppe A"]
[Site "Quality Hotel & Resort Fagerne"]
[Date "2011.04.17"]
[Round "8"]
[White "Barane, Simon"]
[Black "Bue, Gunnar"]
[Result "1-0"]
[WhiteElo "1823"]
[BlackElo "1821"]
[PlyCount "73"]
[EventDate "2011.??.??"]

1. e4 d6 2. d4 Nf6 3. Nc3 g6 4. Be3 Bg7 5. f3 c6 6. Qd2 h6 7. Nge2 b5 8. a3 a5
9. g4 Nbd7 10. Ng3 Nb6 11. d5 Nc4 12. Bxc4 bxc4 13. dxc6 Qc7 14. Bd4 Qxc6 15.
Nd5 Be6 16. Nxf6+ exf6 17. Qc3 Ke7 18. h3 d5 19. O-O Rhd8 20. Rad1 Bc8 21. exd5
Rxd5 22. Ne4 Rxd4 23. Qxd4 Be6 24. Qc5+ Qxc5+ 25. Nxc5 Rb8 26. Nxe6 fxe6 27.
Rd4 Rc8 28. Rfd1 Rc7 29. c3 f5 30. Rd8 fxg4 31. hxg4 Rb7 32. R1d2 h5 33. g5 Be5
34. Ra8 Bf4 35. Re2 Bxg5 36. Ra6 Bc1 37. Raxe6+ 1-0

[Event "Det åpne NM 2011 Gruppe A"]
[Site "Quality Hotel & Resort Fagerne"]
[Date "2011.04.17"]
[Round "9"]
[White "Kovachev, Daniel Jakobsen"]
[Black "Solodovnichenko, Yuri"]
[Result "0-1"]
[WhiteElo "2307"]
[BlackElo "2577"]
[PlyCount "72"]
[EventDate "2011.??.??"]

1. e4 c5 2. d3 Nc6 3. f4 d5 4. Be2 Nd4 5. Nf3 Nxe2 6. Qxe2 e6 7. exd5 Qxd5 8.
b3 Be7 9. Nc3 Qd8 10. Bb2 Nf6 11. O-O-O O-O 12. h4 Nd5 13. g3 b6 14. h5 h6 15.
Ne5 Bb7 16. Rhg1 Re8 17. Rdf1 a5 18. a4 Nxc3 19. Bxc3 b5 20. axb5 a4 21. bxa4
Rxa4 22. g4 Bf6 23. Qe3 Bxe5 24. Qxe5 f6 25. Qe3 Qd5 26. g5 hxg5 27. fxg5 f5
28. h6 c4 29. Qh3 Kf7 30. hxg7 Rg8 31. Qh7 Raa8 32. Bb4 Qd4 33. g6+ Kf6 34. Qh6
cxd3 35. Qg5+ Ke5 36. Kd2 Qxb4+ 0-1

[Event "Det åpne NM 2011 Gruppe A"]
[Site "Quality Hotel & Resort Fagerne"]
[Date "2011.04.17"]
[Round "9"]
[White "Gullaksen, Eirik"]
[Black "Mirzoev, Azer"]
[Result "0-1"]
[WhiteElo "2351"]
[BlackElo "2571"]
[PlyCount "82"]
[EventDate "2011.??.??"]

1. e4 e6 2. d4 d5 3. Nc3 Bb4 4. Nge2 Nf6 5. exd5 exd5 6. Bg5 c6 7. a3 Ba5 8.
Qd3 O-O 9. Qf3 Nbd7 10. O-O-O b5 11. Ng3 h6 12. Bd2 Re8 13. Bd3 Nf8 14. Nf5
Bxf5 15. Qxf5 b4 16. axb4 Bxb4 17. Nb1 Bxd2+ 18. Rxd2 Rb8 19. c3 Qa5 20. g4 Ne4
21. Rc2 Qa1 22. Bxe4 Rxe4 23. f3 Re3 24. Qf4 Rbe8 25. Rd1 a5 26. Rcd2 Ng6 27.
Qg3 R8e7 28. Qb8+ Kh7 29. f4 Nh4 30. f5 Nf3 31. Rf2 a4 32. Qb4 Re1 33. Rf1
Rxd1+ 34. Rxd1 Re2 35. h3 Ne1 36. Rd2 Rxd2 37. Kxd2 Qxb1 38. Qf8 Nf3+ 39. Ke3
Ng5 40. h4 Qe1+ 41. Kd3 Qxh4 0-1

[Event "Det åpne NM 2011 Gruppe A"]
[Site "Quality Hotel & Resort Fagerne"]
[Date "2011.04.17"]
[Round "9"]
[White "Miezis, Normunds"]
[Black "Vaarala, Eric"]
[Result "1-0"]
[WhiteElo "2555"]
[BlackElo "2167"]
[PlyCount "85"]
[EventDate "2011.??.??"]

1. c4 e6 2. e4 c5 3. Nc3 Nc6 4. d3 Nf6 5. f4 d5 6. e5 d4 7. Nb1 Nd7 8. Nf3 Be7
9. g3 f6 10. exf6 Bxf6 11. Nbd2 e5 12. Ne4 exf4 13. Bxf4 O-O 14. Bg2 Be7 15.
O-O Nf6 16. Nfg5 Ng4 17. Bh3 h6 18. Bxg4 hxg5 19. Bxc8 Rxc8 20. Bd2 Ne5 21. Qe2
g4 22. Kg2 Rf3 23. Nf2 Qd6 24. Nxg4 Rxf1 25. Rxf1 Nxg4 26. Qxg4 Rf8 27. Re1 Bf6
28. a3 Qc6+ 29. Qe4 Qxe4+ 30. Rxe4 Kf7 31. h4 Rb8 32. Bf4 Rc8 33. Kf3 Rc6 34.
h5 Rb6 35. Re2 Rb3 36. Ke4 Ke6 37. g4 b5 38. cxb5 Rxb5 39. g5 Bd8 40. Kf3+ Kd7
41. h6 gxh6 42. gxh6 Bf6 43. h7 1-0

[Event "Det åpne NM 2011 Gruppe A"]
[Site "Quality Hotel & Resort Fagerne"]
[Date "2011.04.17"]
[Round "9"]
[White "Tari, Aryan"]
[Black "Johannessen, Leif E"]
[Result "1/2-1/2"]
[WhiteElo "2155"]
[BlackElo "2514"]
[PlyCount "60"]
[EventDate "2011.??.??"]

1. e4 e6 2. d4 d5 3. Nc3 Bb4 4. e5 c5 5. a3 Bxc3+ 6. bxc3 Ne7 7. Nf3 b6 8. Bd3
Ba6 9. Bxa6 Nxa6 10. Qe2 Nb8 11. O-O Nd7 12. a4 Qc7 13. Ba3 O-O 14. c4 dxc4 15.
Qxc4 Rfc8 16. c3 Qb7 17. Qb3 Ng6 18. Rfd1 Nf4 19. Qb2 Qe4 20. Qd2 cxd4 21. Re1
Qf5 22. Qxd4 Qg4 23. g3 Rc4 24. Qxd7 Nh3+ 25. Kg2 Nf4+ 26. Kg1 Qxf3 27. gxf4
Rxf4 28. Qd2 Qg4+ 29. Kh1 Qf3+ 30. Kg1 Qg4+ 1/2-1/2

[Event "Det åpne NM 2011 Gruppe A"]
[Site "Quality Hotel & Resort Fagerne"]
[Date "2011.04.17"]
[Round "9"]
[White "Richter, Michael"]
[Black "Thingstad, Even"]
[Result "1-0"]
[WhiteElo "2486"]
[BlackElo "2155"]
[PlyCount "83"]
[EventDate "2011.??.??"]

1. d4 Nf6 2. Nf3 e6 3. e3 b6 4. Bd3 Bb7 5. O-O c5 6. c4 Be7 7. Nc3 cxd4 8. exd4
d5 9. cxd5 Nxd5 10. Ne5 O-O 11. Qg4 Nxc3 12. bxc3 Bf6 13. Qh3 g6 14. Ng4 Nd7
15. Bb5 Bg7 16. Nh6+ Kh8 17. Ba3 Nf6 18. Bxf8 Qxf8 19. Ng4 Nd5 20. Qg3 f5 21.
Ne5 f4 22. Qh3 Bxe5 23. dxe5 f3 24. Qxf3 Qxf3 25. gxf3 Nxc3 26. Bd3 Bxf3 27.
Rfc1 Nd5 28. Ba6 Kg7 29. Rc8 Rxc8 30. Bxc8 Nb4 31. Bxe6 Nd3 32. Bh3 Nxe5 33.
Rc1 Bd5 34. Rc7+ Kf6 35. f4 Nd3 36. Rxa7 Nxf4 37. Bf1 Be6 38. a3 Ke5 39. Rb7
Nh3+ 40. Bxh3 Bxh3 41. Rxh7 Bc8 42. Rc7 1-0

[Event "Det åpne NM 2011 Gruppe A"]
[Site "Quality Hotel & Resort Fagerne"]
[Date "2011.04.17"]
[Round "9"]
[White "Getz, Nicolai"]
[Black "Urkedal, Frode O"]
[Result "0-1"]
[WhiteElo "2333"]
[BlackElo "2447"]
[PlyCount "102"]
[EventDate "2011.??.??"]

1. e4 e5 2. Nf3 Nc6 3. Bb5 a6 4. Ba4 Nf6 5. O-O Be7 6. Re1 b5 7. Bb3 d6 8. c3
O-O 9. d4 Bg4 10. d5 Na5 11. Bc2 c6 12. h3 Bxf3 13. Qxf3 cxd5 14. exd5 Nc4 15.
Nd2 Nb6 16. Bb3 Nfd7 17. c4 b4 18. Bc2 a5 19. Nf1 g6 20. Bh6 Re8 21. Nd2 Nc5
22. b3 Bg5 23. Bxg5 Qxg5 24. Ne4 Nxe4 25. Qxe4 Nd7 26. Qe3 Qd8 27. Qg3 Nc5 28.
h4 Kg7 29. h5 Qf6 30. Re3 Qf4 31. Rae1 Qxg3 32. Rxg3 Rf8 33. Kf1 f5 34. f4 exf4
35. Rf3 g5 36. g3 Kh6 37. gxf4 g4 38. Rfe3 Kxh5 39. Kf2 Kg6 40. Kg3 h5 41. Kh4
Ra7 42. Re7 Rxe7 43. Rxe7 Rg8 44. Bd1 Kf6 45. Rh7 Ne4 46. Be2 g3 47. Kh3 g2 48.
Bxh5 Rg3+ 49. Kh4 Rg4+ 50. Kh3 Nf2+ 51. Kh2 g1=B# 0-1

[Event "Det åpne NM 2011 Gruppe A"]
[Site "Quality Hotel & Resort Fagerne"]
[Date "2011.04.17"]
[Round "9"]
[White "Hobber, Anders"]
[Black "Bosch, Jeroen"]
[Result "1/2-1/2"]
[WhiteElo "2152"]
[BlackElo "2424"]
[PlyCount "78"]
[EventDate "2011.??.??"]

1. d4 f5 2. Nc3 Nf6 3. Bg5 d5 4. Bxf6 exf6 5. e3 Be6 6. Bd3 Qd7 7. Nge2 Nc6 8.
Nf4 Bf7 9. Qf3 O-O-O 10. h4 h5 11. O-O-O g6 12. Kb1 Kb8 13. g3 Ne7 14. Bb5 c6
15. Bf1 Nc8 16. Qg2 Bd6 17. Be2 Rhe8 18. Na4 Qe7 19. b3 Ba3 20. Bd3 Nd6 21.
Rde1 b5 22. Nb2 Ne4 23. Bxe4 dxe4 24. c3 c5 25. Rd1 cxd4 26. cxd4 Rc8 27. Qf1
Qb4 28. Qe1 Rc3 29. d5 Rec8 30. Qd2 a5 31. Ne2 R3c5 32. Qxb4 Bxb4 33. d6 Rd8
34. Rd4 Rc6 35. d7 Kc7 36. Rhd1 Bc5 37. R4d2 Bb4 38. Rd4 Bc5 39. R4d2 Bb4
1/2-1/2

[Event "Det åpne NM 2011 Gruppe A"]
[Site "Quality Hotel & Resort Fagerne"]
[Date "2011.04.17"]
[Round "9"]
[White "Rubio Mejia, Luis Ignacio"]
[Black "Bentsen, Håkon"]
[Result "1-0"]
[WhiteElo "2409"]
[BlackElo "2149"]
[PlyCount "49"]
[EventDate "2011.??.??"]

1. d4 d5 2. c4 e6 3. Nc3 Nf6 4. cxd5 exd5 5. Bg5 Be7 6. e3 Nbd7 7. Bd3 c6 8.
Qc2 O-O 9. Nge2 Re8 10. O-O-O Nf8 11. h3 Be6 12. Kb1 b5 13. g4 a5 14. Ng3 g6
15. f4 a4 16. f5 Bc8 17. Rhf1 N6d7 18. Bxe7 Qxe7 19. e4 a3 20. exd5 b4 21. dxc6
bxc3 22. cxd7 Bxd7 23. b3 Qe3 24. Ne4 Qxd4 25. fxg6 1-0

[Event "Det åpne NM 2011 Gruppe A"]
[Site "Quality Hotel & Resort Fagerne"]
[Date "2011.04.17"]
[Round "9"]
[White "Westerinen, Heikki M.J"]
[Black "Haarr, Jon Kristian"]
[Result "1/2-1/2"]
[WhiteElo "2358"]
[BlackElo "2204"]
[PlyCount "28"]
[EventDate "2011.??.??"]

1. e4 c6 2. d4 d5 3. Nc3 dxe4 4. Nxe4 Nd7 5. Bc4 Ngf6 6. Nxf6+ Nxf6 7. c3 e6 8.
Bf4 Bd6 9. Bxd6 Qxd6 10. Nf3 b6 11. Qe2 Bb7 12. O-O O-O 13. Ba6 Bxa6 14. Qxa6
Rfd8 1/2-1/2

[Event "Det åpne NM 2011 Gruppe A"]
[Site "Quality Hotel & Resort Fagerne"]
[Date "2011.04.17"]
[Round "9"]
[White "Thingstad, Anders"]
[Black "Welling, Gerard"]
[Result "1/2-1/2"]
[WhiteElo "2014"]
[BlackElo "2321"]
[PlyCount "22"]
[EventDate "2011.??.??"]

1. d4 e6 2. c4 Bb4+ 3. Nc3 b6 4. e3 Bb7 5. Nge2 Nf6 6. a3 Bxc3+ 7. Nxc3 d5 8.
cxd5 exd5 9. b4 O-O 10. Bd3 Nbd7 11. O-O c5 1/2-1/2

[Event "Det åpne NM 2011 Gruppe A"]
[Site "Quality Hotel & Resort Fagerne"]
[Date "2011.04.17"]
[Round "9"]
[White "Stenersen, Gudmund"]
[Black "Eriksen, Magnus"]
[Result "1-0"]
[WhiteElo "2228"]
[BlackElo "2002"]
[PlyCount "65"]
[EventDate "2011.??.??"]

1. e4 c5 2. Nf3 d6 3. Nc3 Nf6 4. d4 cxd4 5. Nxd4 a6 6. Be2 g6 7. g4 Bg7 8. g5
Nh5 9. Be3 Nc6 10. Qd2 Nf4 11. O-O-O Nxe2+ 12. Qxe2 Be6 13. Kb1 Qa5 14. Qd2 O-O
15. Nb3 Bxc3 16. Nxa5 Bxd2 17. Bxd2 Nxa5 18. Bxa5 f6 19. Bd2 Rac8 20. gxf6 Rxf6
21. f4 d5 22. Bc3 Rxf4 23. exd5 Bf5 24. Rd2 Rd8 25. b3 Be4 26. Re1 Rd7 27. Rd4
Rf3 28. Rdxe4 Rxc3 29. Rxe7 Rxd5 30. Rxb7 Rc8 31. Ree7 Rh5 32. Kb2 Rh3 33. Ra7
1-0

[Event "Det åpne NM 2011 Gruppe A"]
[Site "Quality Hotel & Resort Fagerne"]
[Date "2011.04.17"]
[Round "9"]
[White "Hansen, Victor"]
[Black "Arvola, Benjamin"]
[Result "0-1"]
[WhiteElo "2125"]
[BlackElo "2217"]
[PlyCount "88"]
[EventDate "2011.??.??"]

1. Nf3 c5 2. c4 Nf6 3. Nc3 Nc6 4. g3 e6 5. Bg2 Be7 6. O-O O-O 7. d4 cxd4 8.
Nxd4 Qb6 9. Nb3 Ne5 10. c5 Qa6 11. f4 Nc4 12. e4 e5 13. Nd5 Nxd5 14. Qxd5 d6
15. f5 dxc5 16. Rd1 Be6 17. Qd3 Rad8 18. Qe2 Ne3 19. Re1 Qxe2 20. Rxe2 Rd1+ 21.
Kf2 Ng4+ 22. Kf3 Nxh2+ 23. Kf2 c4 24. Bd2 Rxa1 25. Nxa1 Bc5+ 26. Ke1 Bd7 27.
Bc3 Bd4 28. Nc2 Bxc3+ 29. bxc3 Ng4 30. Rd2 Nf6 31. Ne3 Bc6 32. Nd5 Bxd5 33.
exd5 b6 34. d6 Rd8 35. Bc6 Kf8 36. Bb5 Ne4 37. Rh2 Nxd6 38. Ba6 h6 39. g4 Ke7
40. a4 Rd7 41. Re2 f6 42. Kf2 Rc7 43. Ke3 Rc5 44. Rb2 Rd5 0-1

[Event "Det åpne NM 2011 Gruppe A"]
[Site "Quality Hotel & Resort Fagerne"]
[Date "2011.04.17"]
[Round "9"]
[White "Christiansen, Johan-Sebastian"]
[Black "Bjerke, Richart"]
[Result "1/2-1/2"]
[WhiteElo "1924"]
[BlackElo "2189"]
[PlyCount "99"]
[EventDate "2011.??.??"]

1. c4 e6 2. Nc3 d5 3. d4 Nf6 4. Nf3 Bb4 5. e3 O-O 6. Bd3 c5 7. Bd2 cxd4 8. Nxd4
e5 9. Nc2 Be7 10. cxd5 Nxd5 11. Qe2 Nc6 12. Bxh7+ Kxh7 13. Qd3+ Bf5 14. Qxf5+
g6 15. Qh3+ Kg7 16. a3 Nf6 17. e4 Rh8 18. Qf3 Qb6 19. Rb1 Qb3 20. Ne3 Rad8 21.
Qd1 Qe6 22. Qa4 Rd4 23. Qc2 Rhd8 24. Rd1 a6 25. f3 Nh5 26. Ned5 Bh4+ 27. g3 Qh3
28. gxh4 Qxh4+ 29. Kf1 Ng3+ 30. Kg2 Nxh1 31. Rxh1 Rh8 32. h3 Rh5 33. Ne2 f5 34.
Nxd4 exd4 35. Nf4 Rg5+ 36. Kf1 Rg3 37. Qb3 b5 38. Rg1 fxe4 39. Rxg3 Qxg3 40.
Qe6 Qxf3+ 41. Ke1 Qh1+ 42. Ke2 d3+ 43. Kf2 Qf3+ 44. Ke1 Qg3+ 45. Kd1 Qf3+ 46.
Ke1 Qg3+ 47. Kd1 Qf3+ 48. Ke1 Qh1+ 49. Kf2 Qf3+ 50. Ke1 1/2-1/2

[Event "Det åpne NM 2011 Gruppe A"]
[Site "Quality Hotel & Resort Fagerne"]
[Date "2011.04.17"]
[Round "9"]
[White "Gvein, Kenneth"]
[Black "Rødvik, Trym Daniel"]
[Result "1/2-1/2"]
[WhiteElo "2169"]
[BlackElo "1782"]
[PlyCount "38"]
[EventDate "2011.??.??"]

1. d4 Nf6 2. Nf3 g6 3. c4 Bg7 4. Nc3 d6 5. Bg5 O-O 6. e3 h6 7. Bh4 Qe8 8. Be2
e5 9. dxe5 dxe5 10. e4 Na6 11. O-O Nc5 12. Qc2 c6 13. Bxf6 Bxf6 14. Qd2 Kg7 15.
Qd6 Ne6 16. Rfe1 Nd4 17. Bd1 Nxf3+ 18. Bxf3 Be6 19. Be2 Qe7 1/2-1/2

[Event "Det åpne NM 2011 Gruppe A"]
[Site "Quality Hotel & Resort Fagerne"]
[Date "2011.04.17"]
[Round "9"]
[White "Webb, Matthew D"]
[Black "Myhrvold, Rune"]
[Result "1-0"]
[WhiteElo "2062"]
[BlackElo "2164"]
[PlyCount "107"]
[EventDate "2011.??.??"]

1. e4 c6 2. d4 d5 3. e5 c5 4. c4 cxd4 5. Nf3 e6 6. cxd5 Qxd5 7. Qxd4 Qxd4 8.
Nxd4 a6 9. Bd3 Bc5 10. Be3 Ne7 11. Nd2 Nd5 12. Rc1 Nxe3 13. fxe3 Nd7 14. Ke2
O-O 15. Rc2 Be7 16. N2f3 Nc5 17. Rhc1 Nxd3 18. Kxd3 Rd8 19. Rc7 Kf8 20. Ke2 Rb8
21. b4 Bd7 22. a3 Rdc8 23. Kd3 Bd8 24. Rxc8 Rxc8 25. Rxc8 Bxc8 26. a4 Bd7 27.
b5 Bc7 28. Kc4 f6 29. Nb3 axb5+ 30. axb5 b6 31. Nbd4 Kf7 32. Nc6 h6 33. e4 g5
34. g4 f5 35. exf5 exf5 36. gxf5 Bxf5 37. Nfd4 Be6+ 38. Nxe6 Kxe6 39. Kd4 Kf5
40. Kd5 Kg6 41. Ke6 h5 42. Kd7 Bxe5 43. Nxe5+ Kf5 44. Kc6 g4 45. Kxb6 h4 46.
Nxg4 Kxg4 47. Kc5 Kh3 48. b6 Kxh2 49. b7 h3 50. b8=Q+ Kg2 51. Qb2+ Kg1 52. Qd4+
Kh1 53. Qe4+ Kh2 54. Qg4 1-0

[Event "Det åpne NM 2011 Gruppe A"]
[Site "Quality Hotel & Resort Fagerne"]
[Date "2011.04.17"]
[Round "9"]
[White "Kasparova, Tatiana"]
[Black "Svensen, Tarjei Joten"]
[Result "1/2-1/2"]
[WhiteElo "2152"]
[BlackElo "2108"]
[PlyCount "80"]
[EventDate "2011.??.??"]

1. e4 e6 2. d3 d5 3. Nd2 c5 4. Ngf3 Nc6 5. g3 Bd6 6. Bg2 Nge7 7. O-O O-O 8. Re1
Bc7 9. c3 b6 10. Nf1 h6 11. e5 d4 12. c4 Rb8 13. h4 Ng6 14. Bf4 Nxf4 15. gxf4
Ne7 16. h5 Nf5 17. Ng3 Nh4 18. Nxh4 Qxh4 19. Qf3 f6 20. Qc6 Rf7 21. f5 Bb7 22.
Qxe6 Bxg2 23. Kxg2 Bxe5 24. Qd5 Rbf8 25. Re4 Qg5 26. Rae1 Bxg3 27. fxg3 Qxh5
28. Rf4 Kh7 29. Qe4 Rd7 30. Qe6 Qf7 31. Rfe4 Qxe6 32. Rxe6 g6 33. Re7+ Rf7 34.
fxg6+ Kxg6 35. R7e4 f5 36. Re8 Rd6 37. Kf3 Kh7 38. R1e6 Rxe6 39. Rxe6 Kg7 40.
Kf4 Kh7 1/2-1/2

[Event "Det åpne NM 2011 Gruppe A"]
[Site "Quality Hotel & Resort Fagerne"]
[Date "2011.04.17"]
[Round "9"]
[White "Torgersen, Terje"]
[Black "Andersen, Per O"]
[Result "0-1"]
[WhiteElo "2041"]
[BlackElo "2122"]
[PlyCount "102"]
[EventDate "2011.??.??"]

1. e4 c5 2. Nf3 e6 3. c4 Nc6 4. d4 cxd4 5. Nxd4 Nf6 6. Nc3 Bb4 7. Nxc6 bxc6 8.
Bd3 e5 9. O-O Bxc3 10. bxc3 d6 11. h3 Qa5 12. Qe1 O-O 13. Bg5 Kh8 14. f4 Ng8
15. f5 f6 16. Be3 Ba6 17. g4 d5 18. Qe2 Qxc3 19. Rac1 Qa3 20. Rfd1 d4 21. Bd2
Rab8 22. Rc2 c5 23. Bc1 Qa4 24. h4 Rb1 25. Kh2 Rb6 26. Rg1 Rb7 27. g5 Qe8 28.
Qg4 Rc7 29. Rcg2 Bc8 30. Be2 Ba6 31. h5 fxg5 32. Qxg5 h6 33. Qh4 Qe7 34. Qe1
Rf7 35. Rg6 Bb7 36. Qg3 Rf6 37. Bd3 Rxg6 38. hxg6 Rc6 39. Re1 Ra6 40. a3 Ra4
41. Bb2 Ra6 42. Re2 Rb6 43. Bc1 Ba6 44. Rb2 Rxb2+ 45. Bxb2 Qb7 46. Bc1 Qb3 47.
Bxh6 Nxh6 48. f6 gxf6 49. g7+ Kg8 50. Qg6 Nf7 51. Be2 Qc2 0-1

[Event "Det åpne NM 2011 Gruppe A"]
[Site "Quality Hotel & Resort Fagerne"]
[Date "2011.04.17"]
[Round "9"]
[White "Taksrud, Vidar"]
[Black "Hoem, Tor Wetle"]
[Result "0-1"]
[WhiteElo "2088"]
[BlackElo "1967"]
[PlyCount "86"]
[EventDate "2011.??.??"]

1. Nf3 Nf6 2. c4 d6 3. Nc3 Nbd7 4. g3 g6 5. Bg2 Bg7 6. O-O e5 7. d3 O-O 8. Rb1
c6 9. b4 d5 10. b5 d4 11. bxc6 bxc6 12. Na4 Qc7 13. Ba3 Re8 14. Nd2 Nf8 15. Qc2
Ne6 16. c5 Ng5 17. h4 Ne6 18. Nc4 Bd7 19. Bb4 Reb8 20. Ba5 Qc8 21. Nxe5 Be8 22.
Qc4 Nh5 23. Nf3 h6 24. Nd2 f5 25. Rfc1 Bf7 26. Qc2 g5 27. hxg5 Nxg5 28. Nf3 f4
29. Nxg5 hxg5 30. Be1 Be5 31. Qd2 Qe6 32. Nb2 Qh6 33. Nc4 Bxc4 34. Rxb8+ Rxb8
35. Rxc4 fxg3 36. fxg3 Nxg3 37. e3 Nf5 38. exd4 Bf4 39. Qa5 Qh2+ 40. Kf1 Ne3+
41. Ke2 Qxg2+ 42. Bf2 Rb2+ 43. Ke1 Qxf2# 0-1

[Event "Det åpne NM 2011 Gruppe A"]
[Site "Quality Hotel & Resort Fagerne"]
[Date "2011.04.17"]
[Round "9"]
[White "Gyldenås, Ole Jørn"]
[Black "Ulvnes, Roar"]
[Result "1/2-1/2"]
[WhiteElo "2053"]
[BlackElo "2004"]
[PlyCount "37"]
[EventDate "2011.??.??"]

1. d4 Nf6 2. c4 c5 3. Nf3 g6 4. g3 Bg7 5. Bg2 cxd4 6. Nxd4 Nc6 7. O-O Qb6 8.
Nb3 d6 9. Nc3 O-O 10. Nd5 Nxd5 11. cxd5 Ne5 12. Be3 Qa6 13. Bd4 Bg4 14. f3 Bd7
15. f4 Ng4 16. Bxg7 Kxg7 17. Qd4+ Kg8 18. h3 Nf6 19. e4 1/2-1/2

[Event "Det åpne NM 2011 Gruppe A"]
[Site "Quality Hotel & Resort Fagerne"]
[Date "2011.04.17"]
[Round "9"]
[White "Henrichsen, Erland"]
[Black "Wibe, Per H"]
[Result "1-0"]
[WhiteElo "2038"]
[BlackElo "1824"]
[PlyCount "69"]
[EventDate "2011.??.??"]

1. d4 Nf6 2. Nf3 d6 3. Nc3 Nbd7 4. e4 e5 5. dxe5 dxe5 6. Bc4 Be7 7. O-O c6 8.
a4 a5 9. Bg5 Qc7 10. Bh4 O-O 11. h3 Nc5 12. Qe2 Be6 13. Rad1 Rad8 14. Bg3 Nfd7
15. Rd2 Bf6 16. Rfd1 Qc8 17. b3 Bxc4 18. Qxc4 Ne6 19. Nb1 Nf4 20. Qc3 Qc7 21.
Qe3 g5 22. Na3 Be7 23. Nb1 h6 24. c3 f6 25. Bxf4 gxf4 26. Qe2 Nb6 27. Nh4 Rxd2
28. Qg4+ Kf7 29. Rxd2 Rg8 30. Qh5+ Ke6 31. Qf5+ Kf7 32. Qh7+ Rg7 33. Qxh6 Bc5
34. Nf5 Rg8 35. Qh7+ 1-0

[Event "Det åpne NM 2011 Gruppe A"]
[Site "Quality Hotel & Resort Fagerne"]
[Date "2011.04.17"]
[Round "9"]
[White "Grønnestad, Anita"]
[Black "Mikalsen, Odd Erling"]
[Result "0-1"]
[WhiteElo "2031"]
[BlackElo "1989"]
[PlyCount "62"]
[EventDate "2011.??.??"]

1. e4 e5 2. Nf3 Nc6 3. Bc4 Be7 4. c3 Nf6 5. d4 d6 6. d5 Nb8 7. Nbd2 c6 8. dxc6
bxc6 9. O-O O-O 10. Bd3 Nbd7 11. Re1 Qc7 12. Nc4 Rd8 13. Qe2 Nc5 14. Bc2 Ba6
15. b4 Ne6 16. Bd3 d5 17. exd5 cxd5 18. Ncxe5 Bxd3 19. Qxd3 Rac8 20. Qf5 Qxc3
21. Nxf7 Nd4 22. Bb2 Qxe1+ 23. Rxe1 Nxf5 24. Nxd8 Bxd8 25. Ng5 Ne4 26. Nxe4
dxe4 27. g4 Rc2 28. gxf5 Rxb2 29. Rxe4 Bb6 30. a4 Rxf2 31. Re6 Ra2+ 0-1

[Event "Det åpne NM 2011 Gruppe A"]
[Site "Quality Hotel & Resort Fagerne"]
[Date "2011.04.17"]
[Round "9"]
[White "Bjornes, Leif"]
[Black "Grundekjøn, Christian"]
[Result "0-1"]
[WhiteElo "1994"]
[BlackElo "2018"]
[PlyCount "84"]
[EventDate "2011.??.??"]

1. d4 Nf6 2. c4 e5 3. dxe5 Ng4 4. Bf4 Nc6 5. Nf3 Bb4+ 6. Nc3 Qe7 7. Qd5 f6 8.
exf6 Nxf6 9. Qd3 d6 10. e3 Ne4 11. Nd4 O-O 12. Be2 Bxc3+ 13. bxc3 Nc5 14. Qc2
Bd7 15. O-O g5 16. Bg3 Rf6 17. Rab1 Raf8 18. Bf3 Kh8 19. Qe2 Ne5 20. Bxb7 c6
21. Bxe5 dxe5 22. Nxc6 Bxc6 23. Bxc6 Rxc6 24. Rfd1 Rf7 25. Rf1 e4 26. f3 exf3
27. gxf3 Qe5 28. Rb5 a6 29. Ra5 Qc7 30. Ra3 a5 31. Qg2 a4 32. Kh1 h6 33. Rd1
Rd6 34. Rd4 Rdf6 35. Qh3 Qe7 36. f4 gxf4 37. Rxf4 Kh7 38. Qh4 Qb7+ 39. Kg1 Rxf4
40. exf4 Rg7+ 41. Kf2 Qb2+ 42. Ke3 Qxa3 0-1

[Event "Det åpne NM 2011 Gruppe A"]
[Site "Quality Hotel & Resort Fagerne"]
[Date "2011.04.17"]
[Round "9"]
[White "Bue, Gunnar"]
[Black "Svanholm, Børge W"]
[Result "1-0"]
[WhiteElo "1821"]
[BlackElo "1993"]
[PlyCount "63"]
[EventDate "2011.??.??"]

1. d4 Nf6 2. c4 g6 3. Nc3 Bg7 4. e4 d6 5. f3 O-O 6. Be3 a6 7. Qd2 c6 8. Bd3 b5
9. Nge2 Nbd7 10. g4 e5 11. d5 cxd5 12. cxd5 h5 13. gxh5 Nxh5 14. O-O-O Qa5 15.
Rdg1 Rb8 16. Kb1 Ndf6 17. Bh6 Bd7 18. Bxg7 Kxg7 19. f4 exf4 20. Nxf4 Rh8 21. e5
dxe5 22. Nxg6 fxg6 23. Rxg6+ Kf7 24. Rf1 Qd8 25. Rgxf6+ Nxf6 26. Ne4 Rb6 27. d6
Be6 28. Rxf6+ Qxf6 29. Nxf6 Kxf6 30. Qf2+ Kg7 31. Qxb6 Rf8 32. Qg1+ 1-0

[Event "Det åpne NM 2011 Gruppe A"]
[Site "Quality Hotel & Resort Fagerne"]
[Date "2011.04.17"]
[Round "9"]
[White "Kjøita, Henning"]
[Black "Hauge, Lars Oskar"]
[Result "0-1"]
[WhiteElo "1843"]
[BlackElo "1990"]
[PlyCount "58"]
[EventDate "2011.??.??"]

1. e4 c5 2. b4 cxb4 3. a3 d5 4. exd5 Qxd5 5. Nf3 e6 6. axb4 Bxb4 7. c3 Be7 8.
Na3 Bxa3 9. Bxa3 Nc6 10. Be2 Nge7 11. O-O O-O 12. d4 Rd8 13. Bd3 Ng6 14. Re1 b6
15. Qc2 Bb7 16. c4 Qh5 17. Qc3 Nf4 18. Be4 f5 19. d5 Qg4 20. g3 fxe4 21. dxc6
Bxc6 22. Nh4 Ne2+ 23. Rxe2 Qxe2 24. Bb2 Rd1+ 25. Rxd1 Qxd1+ 26. Kg2 Qd7 27. Kf1
Rd8 28. Ng2 Qd3+ 29. Ke1 Qd1# 0-1

[Event "Det åpne NM 2011 Gruppe A"]
[Site "Quality Hotel & Resort Fagerne"]
[Date "2011.04.17"]
[Round "9"]
[White "Mikalsen, Erlend"]
[Black "Gholami, Armin"]
[Result "1-0"]
[WhiteElo "1981"]
[BlackElo "1797"]
[PlyCount "83"]
[EventDate "2011.??.??"]

1. e4 e6 2. d4 d5 3. Nc3 Nf6 4. e5 Nfd7 5. f4 c5 6. Nf3 Nc6 7. Be3 a6 8. Qd2 b5
9. dxc5 Bxc5 10. O-O-O Qb6 11. Bxc5 Nxc5 12. Bd3 b4 13. Ne2 a5 14. Ned4 Nxd4
15. Nxd4 Bd7 16. f5 exf5 17. Bxf5 Ne6 18. Bxe6 Bxe6 19. Qg5 O-O 20. Rhf1 Qd8
21. Qg3 Rc8 22. Kb1 a4 23. Rf4 Qc7 24. Qe3 b3 25. cxb3 axb3 26. axb3 Rfe8 27.
Rf2 Ra8 28. Rc1 Qa5 29. Rc3 Qa1+ 30. Kc2 Bg4 31. Qc1 Qa7 32. Qf4 Be6 33. Rff3
Qe7 34. Nc6 Qd7 35. h3 Ra1 36. g4 f6 37. exf6 Bf7 38. Ne7+ Rxe7 39. fxe7 Bg6+
40. Kd2 Qxe7 41. Rc8+ Be8 42. Re3 1-0

[Event "Det åpne NM 2011 Gruppe A"]
[Site "Quality Hotel & Resort Fagerne"]
[Date "2011.04.17"]
[Round "9"]
[White "Johansen, Stian"]
[Black "Lindblom, Roar"]
[Result "1-0"]
[WhiteElo "1938"]
[BlackElo "1974"]
[PlyCount "109"]
[EventDate "2011.??.??"]

1. e4 e5 2. f4 exf4 3. Nf3 d6 4. Bc4 h6 5. d4 g5 6. O-O Bg7 7. h4 Nc6 8. c3 Na5
9. Bd3 Bg4 10. Qa4+ c6 11. b4 Nc4 12. Bxc4 b5 13. Bxb5 cxb5 14. Qxb5+ Bd7 15.
Qd5 Be6 16. Qc6+ Kf8 17. hxg5 Ne7 18. Qa4 Ng6 19. gxh6 Rxh6 20. Nbd2 Nh4 21.
Nxh4 Qxh4 22. Nf3 Qg3 23. Qc2 Ke7 24. Qf2 Rah8 25. Qxg3 Rh1+ 26. Kf2 fxg3+ 27.
Ke2 Rxf1 28. Kxf1 Rh1+ 29. Ke2 Bc4+ 30. Kd2 Bf1 31. Ne1 Bxg2 32. Nxg2 Rh2 33.
Kd3 Rxg2 34. Be3 Bf6 35. a4 Rh2 36. b5 Rb2 37. Kc4 Kd7 38. a5 Bd8 39. Bf4 g2
40. Bh2 Rf2 41. b6 a6 42. Rb1 Rf1 43. Rb2 g1=Q 44. Bxg1 Rxg1 45. b7 Bc7 46.
b8=Q Bxb8 47. Rxb8 Ra1 48. Rb7+ Ke6 49. Rb6 Rxa5 50. e5 Ra4+ 51. Kb3 Ra1 52.
Rxd6+ Ke7 53. Rc6 a5 54. Rc4 f6 55. exf6+ 1-0